| 000 | 00597nam a22001937a 4500 | ||
|---|---|---|---|
| 003 | OSt | ||
| 005 | 20260508052338.0 | ||
| 008 | 260428b |||||||| |||| 00| 0 eng d | ||
| 020 | _a9781741219401 | ||
| 040 |
_aDWCL-Main Lib _cOC |
||
| 082 | _aCirc. 641.812 Es78 2008 | ||
| 245 |
_aEssential cooking series : _bfinger food / _cVasallo, Jody |
||
| 260 |
_aAustralia : _bBudget Books, _c2008. |
||
| 300 |
_a63 pages : _bcolor illustrations ; _c21 cm. |
||
| 490 | _aEssential Cooking series. | ||
| 504 | _aIncludes glossary and index. | ||
| 700 | _aVasallo, Jody | ||
| 942 |
_2ddc _cBK-CIRC _mCirc. _n0 |
||
| 999 |
_c9998 _d9998 |
||